000
00379nam a22001577a 4500
003
MPLRDC
005
20220104114745.0
008
210129b ||||| |||| 00| 0 eng d
082
_a
192.15 XLY c.3
100
_a
谢理雅
245
_a
写给少女
_c
蔡书绅译述
260
_a
_b
南洋时兆馆
_c
300
_b
精
650
_a
修身--女性
942
_c
BK
_o
192.15 XLY c.3
999
_c
9984
_d
9974